Hey, dollface /

Two 15-year-old classmates are loving and devoted "best friends," but the time comes when they must ask themselves a hard question about their relationship.

Bibliographic Details
Main Author: Hautzig, Deborah
Format: Book
Language:English
Published: New York : Greenwillow Books, [1978]
Subjects:

MARC

Tag First Indicator Second Indicator Subfields
LEADER 00000pam a2200000 a 4500
001 in00000097655
005 20150924085338.0
008 780518s1978 nyu j 00011 engm
010 |a  78054685  
020 |a 0688801706 :  |c $6.95 
020 |a 0688841708 (lib. bdg.) :  |c $6.67 
035 |a (OCoLC)04003766 
035 |9 AAK9279AM 
040 |a DLC  |c DLC  |d m.c.  |d TXA  |d UtOrBLW 
049 |a [Curr Col] TXAM  |c [952465] 
050 0 0 |a PZ7 H2888  |b  He 
082 0 |a [Fic] 
100 1 |a Hautzig, Deborah. 
245 1 0 |a Hey, dollface /  |c Deborah Hautzig. 
264 1 |a New York :  |b Greenwillow Books,  |c [1978] 
264 4 |c ©1978 
300 |a 151 pages ;  |c 22 cm. 
336 |a text  |b txt  |2 rdacontent 
337 |a unmediated  |b n  |2 rdamedia 
338 |a volume  |b nc  |2 rdacarrier 
520 |a Two 15-year-old classmates are loving and devoted "best friends," but the time comes when they must ask themselves a hard question about their relationship. 
650 1 |a Friendship  |x Fiction. 
999 |a MARS 
999 f f |s f492b8a3-f596-344d-9276-f084082ed911  |i aa529fe3-8d8c-3743-a4d4-c8b201ccd838  |t 0 
952 f f |p normal  |a Texas A&M University  |b College Station  |c Sterling C. Evans Library  |d Evans: Curriculum Collection (4th floor)  |t 0  |e PZ7 H2888 He  |h Library of Congress classification  |i unmediated -- volume  |m A14806016975 
998 f f |a PZ7 H2888 He  |t 0  |l Evans: Curriculum Collection (4th floor)